Platform business models: Framework concepts and design (Record no. 1224888)

MARC details
000 -LEADER
fixed length control field 00638nam a2200229Ia 4500
005 - DATE AND TIME OF LATEST TRANSACTION
control field 20241129104216.0
008 - FIXED-LENGTH DATA ELEMENTS--GENERAL INFORMATION
fixed length control field 241129s9999||||xx |||||||||||||| ||und||
020 ## - INTERNATIONAL STANDARD BOOK NUMBER
International Standard Book Number 9789811628375
037 ## - SOURCE OF ACQUISITION
Stock number Textual
040 ## - CATALOGING SOURCE
Original cataloging agency RTL
Language of cataloging eng
Transcribing agency RTL
041 ## - LANGUAGE CODE
Language code of text/sound track or separate title eng
Source of code eng
084 ## - COLON CLASSIFICATION NUMBER
Classification number X9:328 R1
Assigning agency RTL
100 ## - MAIN ENTRY--PERSONAL NAME
Personal name Srinivasan R
245 #0 - TITLE STATEMENT
Title Platform business models: Framework concepts and design
Statement of responsibility, etc. Srinivasan R
260 ## - PUBLICATION, DISTRIBUTION, ETC.
Place of publication, distribution, etc. Singapore
Name of publisher, distributor, etc. Springer
Date of publication, distribution, etc. 2021
300 ## - PHYSICAL DESCRIPTION
Extent 344p.
365 ## - TRADE PRICE
Price type code INR
Price amount 12649.5
490 ## - SERIES STATEMENT
Series statement Management for Professionals
650 ## - SUBJECT ADDED ENTRY--TOPICAL TERM
Topical term or geographic name entry element Commerce
942 ## - ADDED ENTRY ELEMENTS (KOHA)
Koha item type Textbook
Classification part X9:328 R1
Holdings
Withdrawn status Lost status Damaged status Not for loan Home library Current library Date acquired Source of acquisition Cost, normal purchase price Inventory number Total Checkouts Full call number Barcode Date last seen Price effective from Koha item type
        Ratan Tata Library Ratan Tata Library 2024-11-29 Segment Book Distributor 12649.50 65531 & 23/02/2023   X9:328 R1 RT1502824 2024-11-29 2024-11-29 Textbook
Copyright @ Delhi University Library System